Music Quiz

Random Music or Singers Quiz

Kendrick Lamar or Kanye West? Quiz Stats

 Plays Quiz Updated Mar 13, 2018

Also try: Selena vs Justin
Challenge
Share
Tweet
Embed
Score 0/22 Timer 02:00
20 Plays Today
Song Lamar (L) or West (W) % Correct
HUMBLE.???
91.4%
Gold Digger???
90.5%
DNA???
90.2%
Stronger???
88.9%
m.A.A.d city???
88.7%
Swimming Pools (Drank)???
88.5%
Loyalty???
86.2%
Jesus Walks???
85.6%
Famous???
85%
All of the Lights???
85%
Power???
84.8%
Song Lamar (L) or West (W) % Correct
Touch the Sky???
83.6%
Runaway???
81.4%
Can't Tell Me Nothing???
81.4%
Alright???
81%
King's Dead???
80.7%
Money Trees???
80.6%
Mercy???
80%
XXX???
78.4%
The Blacker the Berry???
77.9%
Sing About Me, I'm Dying Of Thirst???
72.4%
HiiiPoWeR???
69.5%

You're not logged in!

Compare scores with friends on all Sporcle quizzes.
OR
Log In

You Might Also Like...

Show Comments

Extras

Top Quizzes Today


Score Distribution

Your Account Isn't Verified!

In order to create a playlist on Sporcle, you need to verify the email address you used during registration. Go to your Sporcle Settings to finish the process.

Report this User

Report this user for behavior that violates our Community Guidelines.

Details: